Make magic! Do good! (Record no. 112217)

MARC details
000 -LÍDER
campo de controle de tamanho fixo 00547 a2200217 4500
001 - NÚMERO DE CONTROLE
campo de controle 112217
020 ## - ISBN - INTERNATIONAL STANDARD BOOK NUMBER
ISBN - International Standard Book Number 9780763657468 (trade)
041 ## - CÓDIGO DE IDIOMA
Código do idioma do texto/trilha sonora ou título diferente eng
082 ## - CDD - CLASSIFICAÇÃO DECIMAL DE DEWEY
Número de Classificação P Year 4 811
040 ## - FONTE DA CATALOGAÇÃO
Instituição da catalogação original BR-BrIDEA
Instituição que transcreveu o registro BR-BrIDEA
090 ## - NÚMERO DE CHAMADA LOCAL
Número de chamada (OCLC) (R); Número de chamada, CALL (RLIN) (NR) P Year 4 811
Número Cutter local (OCLC); Número de classificação do livro, CALL (RLIN) CLA
100 ## - ENTRADA PRINCIPAL--NOME PESSOAL
Nome pessoal Clayton, Dallas.
250 ## - EDIÇÃO
Edição 1st ed.
245 10 - TÍTULO
Título Make magic! Do good!
Indicação de responsabilidade, etc. Dallas Clayton
260 ## - PUBLICAÇÃO, DISTRIBUIÇÃO, ETC.
Local de publicação, distribuição, etc. [s.l.]
Nome do editor, distribuidor, etc. Candlewick Press
Data da publicação, distribuição, etc. 2012
300 ## - DESCRIÇÃO FÍSICA
Extensão 96 p.
697 ## - ENTRADA DE ASSUNTO LOCAL--ENTIDADE COLETIVA (RLIN)
Nome corporativo ou nome da jurisdição American poetry.
697 ## - ENTRADA DE ASSUNTO LOCAL--ENTIDADE COLETIVA (RLIN)
Nome corporativo ou nome da jurisdição Children's poetry, American.
856 ## - LOCALIZAÇÃO ELETRÔNICA E ACESSO
Uniform Resource Identifier <a href="000020/00002072.jpg">000020/00002072.jpg</a>
942 ## - ELEMENTOS DE ENTRADA ADICIONADOS (KOHA)
Tipo de material Koha Livros
Holdings
Situação do descarte Situação das perdas Fonte da classificação ou esquema de arquivamento na estante Situação física Não pode ser emprestado Biblioteca de origem Biblioteca atual Data de aquisição Total de empréstimos Número de chamada completo Código de barras Data de último acesso Data do preço efetivo Tipo de material Koha Data do último empréstimo Devolução em
          Canadian School of Niterói - Piratininga Canadian School of Niterói - Piratininga 09/02/2024   M4 - CLA A09917 09/02/2024 09/02/2024 Livros    
    Classificação Decimal de Dewey     ECB - SUDOESTE ECB - SUDOESTE 09/03/2015 3 P Year 4 811 00014156SSW 25/06/2024 23/01/2024 Livros 18/06/2024  
    Classificação Decimal de Dewey     ECB - SUDOESTE ECB - SUDOESTE 06/01/2016 5 P Year 4 811 00022213SSW 20/06/2024 23/01/2024 Livros 20/06/2024 27/06/2024
    Classificação Decimal de Dewey     ECB - SUDOESTE ECB - SUDOESTE 30/01/2018   P Year 4 811 00033572SSW 23/01/2024 23/01/2024 Livros    
    Classificação Decimal de Dewey     ECB - ÁGUAS CLARAS ECB - ÁGUAS CLARAS 12/02/2021   AP Year 4 811 CLA 00053061AGC 23/01/2024 23/01/2024 Livros    
    Classificação Decimal de Dewey     ECB - ÁGUAS CLARAS ECB - ÁGUAS CLARAS 12/02/2021 2 AP Year 4 811 CLA 00053062AGC 28/05/2024 23/01/2024 Livros 24/05/2024